00573 2200169 4500001002100000005001800021008004100039035002400080090002300104245003500127260011700162300002200279650002000301700005200321850001500373999001500388YOGYA-0211000000038820110201082127223 ind  0010-021100000000388 aDEP 301.209922 Beb aBeberapa aspek kebudayaan Jawa aYogyakartabDepdikbud Dirjen Kebudayaan Proyek Penelitian dan Pengkajian Kebudayaan Nusantara (javanologi)c1986 aV, 85 hlm.; 22 cm aKebudayaan Jawa aSudarsono ; Astuti, Retno ; Sunyata, I.W. Panca aYOPDYOG[B] aD000002533